[Event "Olympiad"]
[Site "Thessaloniki ol"]
[Date "1988.??.??"]
[Round "?"]
[White "Torre, Eugenio"]
[Black "Olafsson, Helgi"]
[Result "0-1"]
[WhiteElo "2555"]
[BlackElo "2510"]
[PlyCount "58"]
[EventDate "1988.??.??"]
[Source "www.chesslib.no"]
[SourceDate "2004.05.04"]

1. e4 c5 2. d4 cxd4 3. c3 dxc3 4. Nxc3 Nc6 5. Nf3 d6 6. Bc4 e6 7. O-O Be7 8. Qe2 Nf6 9. Rd1 Qc7 10. Bf4 a6 11. Rac1 Nh5 12. Be3 O-O 13. Bb3 Nf6 14. Nd5 exd5 15. exd5 Nxd5 16. Bxd5 Be6 17. Bf4 Bxd5 18. Rxd5 Rad8 19. Qd2 Rfe8 20. Nd4 g6 21. h3 Bf8 22. Bh6 Bxh6 23. Qxh6 Re5 24. Rxe5 dxe5 25. Nxc6 bxc6 26. Qe3 Rd5 27. Qc3 c5 28. b4 c4 29. Qxc4 Rd8 0-1

[Event "SSKK Bulletinen 40 years"]
[Site "SSKK Bulletinen 40 years"]
[Date "1994.??.??"]
[Round "?"]
[White "Busemann, Stephan"]
[Black "Morgado, Juan Sebastian"]
[Result "1/2-1/2"]
[WhiteElo "2540"]
[BlackElo "2510"]
[PlyCount "54"]
[EventDate "1994.??.??"]
[Source "www.chesslib.no"]
[SourceDate "2004.05.04"]

1. e4 c5 2. d4 cxd4 3. Nf3 Qa5+ 4. c3 dxc3 5. Nxc3 e6 6. Bc4 Nf6 7. O-O Be7 8. Qe2 Nc6 9. Rd1 O-O 10. Bf4 Nh5 11. Be3 Qc7 12. Rac1 a6 13. Bb3 Nf6 14. h3 d6 15. Bf4 e5 16. Nd5 Nxd5 17. exd5 exf4 18. dxc6 bxc6 19. Bd5 Bb7 20. Nd4 c5 21. Nf5 Rfe8 22. Qg4 g6 23. Nh6+ Kg7 24. Nf5+ Kh8 25. Nxe7 Qxe7 26. Qxf4 Bxd5 27. Rxd5 Rab8 1/2-1/2

[Event "EU-chT4"]
[Site "corr EU-chT4"]
[Date "1990.??.??"]
[Round "?"]
[White "Goebel, W."]
[Black "Larsen, Bent"]
[Result "1/2-1/2"]
[WhiteElo "2485"]
[BlackElo "2550"]
[PlyCount "50"]
[EventDate "1990.??.??"]
[Source "www.chesslib.no"]
[SourceDate "2004.05.04"]

1. e4 c5 2. d4 cxd4 3. c3 dxc3 4. Nxc3 Nc6 5. Nf3 d6 6. Bc4 e6 7. O-O Nf6 8. Qe2 a6 9. Rd1 Qc7 10. Bg5 Be7 11. Rac1 O-O 12. a3 h6 13. Bf4 e5 14. Be3 Qd8 15. Nd5 Nxd5 16. Bxd5 Bd7 17. Nd2 Rc8 18. Nc4 b5 19. Nb6 Nd4 20. Bxd4 Rxc1 21. Rxc1 exd4 22. Nxd7 Qxd7 23. Rc6 Rc8 24. Qc2 Rxc6 25. Qxc6 Qxc6 1/2-1/2

[Event "US Open"]
[Site "Cherry Hill USA"]
[Date "2007.08.04"]
[Round "8"]
[White "Lenderman, A."]
[Black "Gulko, B."]
[Result "0-1"]
[WhiteElo "2418"]
[BlackElo "2576"]
[PlyCount "73"]
[EventDate "2007.07.28"]
[Source "www.chesslib.no"]
[SourceDate "2004.05.04"]

1. e4 c5 2. d4 cxd4 3. c3 dxc3 4. Nxc3 Nc6 5. Nf3 d6 6. Bc4 e6 7. Qe2 Be7 8. O-O Nf6 9. Rd1 e5 10. Bb5 Bg4 11. Qc4 O-O 12. Bxc6 Rc8 13. Qa4 bxc6 14. Qxa7 d5 15. Qa4 d4 16. Qc2 Nd7 17. Ne2 c5 18. b3 c4 19. bxc4 Qc7 20. Ng3 Qxc4 21. Qxc4 Rxc4 22. Nf5 Bxf5 23. exf5 Ra8 24. Bb2 g6 25. fxg6 hxg6 26. Rdc1 Rb4 27. Rc7 Rxb2 28. Rxd7 Raxa2 29. Rc1 Bf6 30. Rf1 e4 31. Rd6 Kg7 32. Nxd4 Rd2 33. Nb5 e3 34. Rxf6 Kxf6 35. Nc3 e2 36. Re1 Rd1 37. Kh1 0-1

[Event "Cent"]
[Site "Cent. Budapest"]
[Date "1973.??.??"]
[Round "5"]
[White "Adorjan, Andras"]
[Black "Ribli, Zoltan"]
[Result "1-0"]
[WhiteElo "2475"]
[BlackElo "2505"]
[PlyCount "81"]
[EventDate "1973.??.??"]
[Source "www.chesslib.no"]
[SourceDate "2004.05.04"]

1. e4 c5 2. d4 cxd4 3. c3 g6 4. cxd4 d5 5. e5 Nc6 6. Bb5 Nh6 7. h3 Bd7 8. Nc3 Nf5 9. Nf3 a6 10. Bxc6 Bxc6 11. O-O Ng7 12. Re1 Ne6 13. Ng5 Nxg5 14. Bxg5 h6 15. Be3 e6 16. Qd2 Be7 17. Bxh6 g5 18. Bg7 Rg8 19. Bf6 Bxf6 20. exf6 Qxf6 21. f3 Qe7 22. Nd1 a5 23. a3 a4 24. Ne3 Ra6 25. Rac1 Kd7 26. Ng4 f6 27. f4 Kd8 28. Rf1 Kc8 29. fxg5 fxg5 30. Ne5 Kb8 31. Rf7 Qd6 32. Rc5 Ka8 33. Qc2 Rb8 34. Rg7 Qf8 35. Rxg5 Qf4 36. Rg4 Qe3+ 37. Qf2 Qh6 38. Rg6 Qh5 39. Rxe6 Qd1+ 40. Kh2 Bb5 41. Re7 1-0

[Event "IBM-B"]
[Site "Amsterdam"]
[Date "1980.??.??"]
[Round "?"]
[White "Van Wijgerden, Cornelis"]
[Black "Panno, Oscar"]
[Result "1/2-1/2"]
[WhiteElo "2435"]
[BlackElo "2540"]
[PlyCount "83"]
[EventDate "1980.06.??"]
[Source "ChessBase"]

1. e4 c5 2. d4 cxd4 3. c3 dxc3 4. Nxc3 Nc6 5. Nf3 e6 6. Bc4 Bb4 7. O-O Bxc3 8. bxc3 Nge7 9. Ba3 d5 10. exd5 exd5 11. Bd3 h6 12. Re1 O-O 13. Nd4 Re8 14. Nb5 Qa5 15. Bd6 Be6 16. Nc7 Qxc3 17. Nxa8 Rxa8 18. Rb1 b6 19. Re3 Qf6 20. Rc1 Rd8 21. Ba3 d4 22. Rf3 Qe5 23. Qd2 Rd7 24. Bb1 Qd5 25. Rg3 Kh8 26. Re1 Nf5 27. Be4 Qa5 28. Rd3 Qxd2 29. Rxd2 Na5 30. Rc2 g6 31. Bd3 Kg7 32. Rec1 Kf6 33. Bb4 Rd5 34. Rc7 Nd6 35. Rxa7 Nb5 36. Be7+ Kg7 37. Ra8 Nc3 38. Rd8 Nxa2 39. Rb1 Nb3 40. Rxb3 Rxd8 41. Bxd8 Bxb3 42. Bxb6 1/2-1/2

[Event "EU-chT4"]
[Site "corr EU-chT4"]
[Date "1990.??.??"]
[Round "?"]
[White "Goebel, W."]
[Black "Gourmelon, J."]
[Result "1/2-1/2"]
[WhiteElo "2485"]
[BlackElo "2490"]
[PlyCount "45"]
[EventDate "1990.??.??"]
[Source "www.chesslib.no"]
[SourceDate "2004.05.04"]

1. e4 c5 2. d4 cxd4 3. c3 Qa5 4. Nf3 Nc6 5. Bc4 Nf6 6. Qe2 d6 7. h3 Bd7 8. O-O Ne5 9. Nxe5 dxe5 10. cxd4 exd4 11. e5 Nd5 12. Bd2 Qc5 13. Rc1 e6 14. Na3 Qb6 15. Bb3 Bxa3 16. bxa3 O-O 17. Rab1 Nc3 18. Bxc3 dxc3 19. Rxc3 Rac8 20. Rg3 Rc5 21. Bc2 Qc7 22. Bxh7+ Kxh7 23. Qh5+ 1/2-1/2

[Event "Oberwart Open"]
[Site "Oberwart AUT"]
[Date "1994.??.??"]
[Round "6"]
[White "Lendwai, Reinhard"]
[Black "Arbakov, Valentin"]
[Result "1-0"]
[WhiteElo "2395"]
[BlackElo "2575"]
[PlyCount "133"]
[EventDate "1994.07.??"]
[Source "www.chesslib.no"]
[SourceDate "2004.05.04"]

1. e4 c5 2. d4 cxd4 3. c3 dxc3 4. Nxc3 e6 5. Nf3 d6 6. Bc4 Nc6 7. O-O a6 8. Qe2 Nf6 9. Rd1 Qc7 10. Bf4 Ne5 11. Bxe5 dxe5 12. Rac1 Qa5 13. Bb5+ Nd7 14. Qd3 axb5 15. Nxb5 Bc5 16. b4 Qxb4 17. Nc7+ Ke7 18. Nxa8 Qa5 19. Qc4 Qa7 20. Nc7 b6 21. Nb5 Qa8 22. a4 Bb7 23. Nc7 Qb8 24. Na6 Bxa6 25. Qxa6 Qc7 26. Qb5 Ra8 27. Rc2 Ra5 28. Qb3 Nf6 29. Rcd2 Qc6 30. Qd3 Ra8 31. Nxe5 Qxe4 32. Qxe4 Nxe4 33. Rd7+ Kf6 34. Ng4+ Kg6 35. Ne5+ Kf5 36. Nd3 Kg6 37. Nxc5 Nxc5 38. R7d6 Nxa4 39. Ra1 Rc8 40. h3 Rc4 41. Rb1 h5 42. Rd7 h4 43. Rb7 Kf6 44. Rd1 Nc3 45. Rdd7 b5 46. Rxf7+ Ke5 47. Rxg7 Ne2+ 48. Kh2 Nd4 49. Rg4 b4 50. f4+ Ke4 51. Rxh4 Ke3 52. Rg4 Nf5 53. Rb6 Kf2 54. h4 Ne3 55. Rg6 Rc3 56. g3 b3 57. h5 Nf1+ 58. Kh3 Nxg3 59. Kg4 Ne2 60. Rb4 Rg3+ 61. Kh4 Re3 62. h6 Ng3 63. h7 Nf5+ 64. Kg5 Nd6 65. Kf6 Rh3 66. Kxe6 Ne8 67. Kd7 1-0

[Event "ESP Team Ch"]
[Site "Cordoba ARG"]
[Date "1995.??.??"]
[Round "7"]
[White "Romero Holmes, Alfonso"]
[Black "Izeta Txabarri, Felix"]
[Result "0-1"]
[WhiteElo "2455"]
[BlackElo "2515"]
[PlyCount "25"]
[EventDate "1995.??.??"]
[Source "www.chesslib.no"]
[SourceDate "2004.05.04"]

1. e4 c5 2. d4 d5 3. e5 Bf5 4. h4 h6 5. g4 Bh7 6. e6 Qd6 7. exf7+ Kxf7 8. f4 Qe6+ 9. Be2 Nf6 10. Nf3 Nxg4 11. Ne5+ Nxe5 12. dxe5 Na6 13. Nc3 0-1

[Event "It (Men) Soller ESP"]
[Site "?"]
[Date "2006.02.26"]
[Round "10"]
[White "Carlsson Pontus"]
[Black "Berg Emanuel"]
[Result "1/2-1/2"]
[WhiteElo "2430"]
[BlackElo "2540"]
[PlyCount "25"]
[EventDate "2006.??.??"]
[Source "www.chesslib.no"]
[SourceDate "2004.05.04"]

1. e4 c5 2. d4 d5 3. Nc3 dxe4 4. Nxe4 Bf5 5. Ng3 Bg6 6. Nf3 Nd7 7. h4 h6 8. h5 Bh7 9. Bd3 Bxd3 10. Qxd3 e6 11. Bd2 Ngf6 12. O-O-O Be7 13. Kb1 1/2-1/2

[Event "Santa Catalina"]
[Site "Santa Catalina"]
[Date "1987.??.??"]
[Round "4"]
[White "Illescas Cordoba, Miguel"]
[Black "De la Villa Garcia, Jesus Maria"]
[Result "1/2-1/2"]
[WhiteElo "2505"]
[BlackElo "2450"]
[PlyCount "53"]
[EventDate "1987.??.??"]
[Source "www.chesslib.no"]
[SourceDate "2004.05.04"]

1. e4 c5 2. d4 cxd4 3. c3 dxc3 4. Nxc3 d6 5. Bc4 Nc6 6. Nf3 e6 7. O-O Be7 8. Qe2 Nf6 9. Rd1 e5 10. h3 Be6 11. Be3 O-O 12. Bxe6 fxe6 13. b4 Rc8 14. b5 Na5 15. Rac1 Nd7 16. Nd2 Nc5 17. Nc4 Nxc4 18. Qxc4 Rf6 19. Bxc5 Rxc5 20. Qxc5 dxc5 21. Rxd8+ Bxd8 22. Na4 b6 23. Nb2 Rf8 24. Rc3 Rf7 25. Rd3 Bc7 26. Nc4 Kf8 27. Kf1 1/2-1/2

[Event "Cappelle Open"]
[Site "Cappelle la Grande FRA"]
[Date "1993.??.??"]
[Round "5"]
[White "Lendwai, Reinhard"]
[Black "Sadler, Matthew"]
[Result "1-0"]
[WhiteElo "2410"]
[BlackElo "2540"]
[PlyCount "77"]
[EventDate "1993.02.??"]
[Source "www.chesslib.no"]
[SourceDate "2004.05.04"]

1. e4 c5 2. d4 cxd4 3. c3 d3 4. Bxd3 Nc6 5. c4 d6 6. Nc3 g6 7. Be3 Nf6 8. h3 Bg7 9. Nf3 Nd7 10. Rc1 Nc5 11. Bb1 O-O 12. O-O a5 13. Qe2 b6 14. Rfd1 Bb7 15. Nd4 Nxd4 16. Bxd4 Bxd4 17. Rxd4 Ne6 18. Rcd1 Rc8 19. b3 Kg7 20. Qe3 f6 21. Re1 Nc5 22. Rdd1 a4 23. Bc2 axb3 24. axb3 Na6 25. f4 Qc7 26. Nb5 Qc5 27. Nd4 Nc7 28. b4 Qxb4 29. Rb1 Qc5 30. Rb5 Qxc4 31. Bb3 Qxb5 32. Nxb5 Nxb5 33. Qxb6 Bc6 34. Be6 Nc3 35. Qa7 Ra8 36. Qc7 Bxe4 37. Qxc3 d5 38. Qc5 Rfe8 39. Bxd5 1-0

[Event "Koop Tjuchem Open"]
[Site "?"]
[Date "1996.12.23"]
[Round "2"]
[White "Hedke Fred"]
[Black "Schlosser Philipp"]
[Result "0-1"]
[WhiteElo "2380"]
[BlackElo "2560"]
[PlyCount "116"]
[EventDate "1996.??.??"]
[Source "www.chesslib.no"]
[SourceDate "2004.05.04"]

1. e4 c5 2. d4 cxd4 3. c3 dxc3 4. Nxc3 Nc6 5. Nf3 d6 6. Bc4 a6 7. O-O Nf6 8. a3 e6 9. Qe2 b5 10. Ba2 Ra7 11. Rd1 Rd7 12. b4 Be7 13. Bf4 O-O 14. h3 Bb7 15. Rd2 Qb8 16. Rad1 Rdd8 17. Bb1 Ne5 18. Bxe5 dxe5 19. Rxd8 Rxd8 20. Rxd8+ Qxd8 21. Qd3 Qc7 22. Nd2 g6 23. Nb3 Kg7 24. Qd2 h5 25. Bd3 h4 26. Qc2 Ba8 27. Kf1 Nd7 28. Nd1 Qd8 29. Ke2 Nf6 30. Ke1 Nh5 31. Bf1 f5 32. Nc5 Bxc5 33. Qxc5 Kf6 34. Nc3 Nf4 35. g3 hxg3 36. fxg3 Nh5 37. exf5 exf5 38. Ne2 Bf3 39. Kf2 Bxe2 40. Qc6+ Kg5 41. Bxe2 Qd4+ 42. Kg2 Qb2 43. Qf3 Kh6 44. h4 Qd2 45. Kh3 Qe1 46. Qg2 e4 47. Bxh5 gxh5 48. Kh2 f4 49. Qh3 Qd2+ 50. Kh1 Qd1+ 51. Kh2 Qc2+ 52. Kh1 Qb1+ 53. Kh2 Qa2+ 54. Kg1 f3 55. g4 Qa1+ 56. Kh2 Qe5+ 57. Kg1 Qd4+ 58. Kh2 Qf2+ 0-1

[Event "Open"]
[Site "?"]
[Date "1998.12.23"]
[Round "4"]
[White "Hedke Fred"]
[Black "Epishin Vladimir V"]
[Result "0-1"]
[WhiteElo "2350"]
[BlackElo "2585"]
[PlyCount "52"]
[EventDate "1998.??.??"]
[Source "www.chesslib.no"]
[SourceDate "2004.05.04"]

1. e4 c5 2. d4 cxd4 3. c3 d3 4. c4 Nf6 5. Bxd3 e5 6. Nc3 Bc5 7. Nf3 d6 8. h3 O-O 9. O-O Be6 10. a3 a6 11. Be3 Nbd7 12. b4 Bxe3 13. fxe3 Rc8 14. Nd5 b5 15. Nxf6+ Nxf6 16. cxb5 axb5 17. Kh2 Bd7 18. a4 bxa4 19. b5 Qb6 20. Re1 d5 21. Rxa4 dxe4 22. Bxe4 Qxb5 23. Ra7 Bxh3 24. Bxh7+ Nxh7 25. gxh3 e4 26. Nd4 Qb8+ 0-1

[Event "Sombor"]
[Site "Sombor"]
[Date "1974.??.??"]
[Round "1"]
[White "Minic, Dragoljub"]
[Black "Damjanovic, Mato"]
[Result "1/2-1/2"]
[WhiteElo "2475"]
[BlackElo "2460"]
[PlyCount "29"]
[EventDate "1974.??.??"]
[Source "ChessBase"]

1. e4 c5 2. d4 cxd4 3. c3 dxc3 4. Nxc3 Nc6 5. Nf3 d6 6. Bc4 e6 7. O-O Be7 8. Qe2 Nf6 9. Rd1 e5 10. Bg5 O-O 11. h3 h6 12. Bxf6 Bxf6 13. Nd5 Be6 14. Rac1 Rc8 15. Bb3 1/2-1/2

[Event "Afroatin Cup corr"]
[Site "Afroatin Cup corr"]
[Date "1995.??.??"]
[Round "?"]
[White "Albano, Anthony"]
[Black "Figueiras, C."]
[Result "1-0"]
[WhiteElo "2415"]
[BlackElo "2510"]
[PlyCount "67"]
[EventDate "1995.??.??"]
[Source "www.chesslib.no"]
[SourceDate "2004.05.04"]

1. e4 c5 2. d4 cxd4 3. c3 dxc3 4. Nxc3 Nc6 5. Nf3 d6 6. Bc4 e6 7. O-O Nf6 8. Qe2 a6 9. Rd1 Qc7 10. Bf4 Be7 11. Rac1 O-O 12. Bb3 Qb8 13. h3 h6 14. e5 Ne8 15. Na4 Qc7 16. Bc2 dxe5 17. Bxe5 Qa5 18. Qe3 Nxe5 19. Nxe5 Nf6 20. Nb6 Bc5 21. Bh7+ Kxh7 22. Qxc5 Qxc5 23. Rxc5 Rb8 24. Rdc1 Nd5 25. Nxc8 Ra8 26. Nd7 Re8 27. Ndb6 Nxb6 28. Nxb6 Rad8 29. Rc7 Kg6 30. Nd7 f6 31. R1c3 h5 32. Rxb7 Kh6 33. Rcc7 e5 34. Nc5 1-0

[Event "Graz Open"]
[Site "Graz AUT"]
[Date "1994.??.??"]
[Round "8"]
[White "Lendwai, Reinhard"]
[Black "Cebalo, Miso"]
[Result "0-1"]
[WhiteElo "2395"]
[BlackElo "2520"]
[PlyCount "144"]
[EventDate "1994.09.??"]
[Source "www.chesslib.no"]
[SourceDate "2004.05.04"]

1. e4 c5 2. d4 cxd4 3. c3 dxc3 4. Nxc3 Nc6 5. Nf3 e6 6. Bf4 a6 7. Bc4 b5 8. Bb3 d6 9. O-O Nf6 10. Qe2 Ra7 11. Rfd1 Rd7 12. Rd3 Be7 13. Ng5 O-O 14. Nxe6 fxe6 15. Bxe6+ Kh8 16. Bxd7 Bxd7 17. Bxd6 b4 18. Bxe7 Qxe7 19. Nd5 Nxd5 20. Rxd5 Be6 21. Rd2 Ne5 22. f3 Qg5 23. Kh1 h5 24. b3 h4 25. h3 Bxh3 26. Rf1 Bd7 27. f4 Rxf4 28. Rxf4 Qxf4 29. Qf2 Qg5 30. Rd1 Ng4 31. Qd2 Qe5 32. Qd6 Qxe4 33. Qxd7 Nf2+ 34. Kg1 Nxd1 35. Qxd1 Kg8 36. Qd8+ Kh7 37. Qa5 Qd4+ 38. Kh1 Qd1+ 39. Kh2 Qd6+ 40. Kh1 Kh6 41. Qf5 g5 42. Qe4 Kg7 43. Qb7+ Kg6 44. Qe4+ Kh6 45. Qf5 Qe7 46. Qa5 g4 47. Qxa6+ Kg7 48. Qc4 Qe1+ 49. Kh2 Qe5+ 50. Kg1 g3 51. Qg4+ Kf7 52. Qc4+ Kg6 53. Qg8+ Kh5 54. Qf7+ Kg5 55. Qg8+ Kf4 56. Qc4+ Qe4 57. Qf1+ Ke3 58. Qc1+ Ke2 59. Qc4+ Ke3 60. Qc1+ Kd3 61. Qb1+ Kd4 62. Qb2+ Kd5 63. Qc1 Qd4+ 64. Kh1 Qd3 65. Qe1 Qc3 66. Qd1+ Ke4 67. Qe2+ Kd4 68. Qd1+ Ke3 69. Kg1 Qd4 70. Qf1 Kd2+ 71. Kh1 Qf2 72. Qb1 Qe1+ 0-1

[Event "GMA2"]
[Site "Marianske Lazne CZE"]
[Date "2008.01.26"]
[Round "10"]
[White "Simacek, P."]
[Black "Voloshin, L."]
[Result "1/2-1/2"]
[WhiteElo "2463"]
[BlackElo "2451"]
[PlyCount "104"]
[EventDate "2008.01.19"]
[Source "www.chesslib.no"]
[SourceDate "2004.05.04"]

1. e4 c5 2. d4 cxd4 3. c3 dxc3 4. Nxc3 d6 5. Nf3 e6 6. Bc4 Be7 7. O-O a6 8. Qe2 Nc6 9. Rd1 b5 10. Bb3 Ra7 11. Be3 Rd7 12. Na4 bxa4 13. Bxa4 Bb7 14. Rac1 Nb8 15. Ba7 Nf6 16. e5 dxe5 17. Bxb8 Qxb8 18. Qxe5 Qd8 19. Qc7 Bd5 20. Ne5 Qxc7 21. Rxc7 Bd6 22. Bxd7+ Nxd7 23. Rc8+ Ke7 24. Rxh8 Bxe5 25. Rxh7 Bxa2 26. Rh3 Bc4 27. Rd2 Bb5 28. Rc2 f5 29. Re3 Bd4 30. Re1 Nb6 31. g3 g5 32. h4 gxh4 33. gxh4 Nc4 34. b3 Ne5 35. Kg2 Bc6+ 36. Kh3 Bd5 37. b4 Nd3 38. Rf1 Nxb4 39. Rc7+ Kd6 40. Rc8 Nd3 41. Kg3 f4+ 42. Kg4 f3 43. Rd8+ Ke7 44. Rxd5 exd5 45. Kxf3 Nxf2 46. h5 Kd6 47. Rg1 a5 48. Rg6+ Kc5 49. Ra6 Kb5 50. Rd6 Kc5 51. Ra6 Kb5 52. Rd6 Kc4 1/2-1/2

[Event "Cuxhaven Open"]
[Site "Cuxhaven"]
[Date "1993.??.??"]
[Round "7"]
[White "Hedke, Fred"]
[Black "Kupreichik, Viktor D"]
[Result "1-0"]
[WhiteElo "2345"]
[BlackElo "2560"]
[PlyCount "78"]
[EventDate "1993.03.??"]
[Source "www.chesslib.no"]
[SourceDate "2004.05.04"]

1. e4 c5 2. d4 cxd4 3. c3 dxc3 4. Nxc3 d6 5. Bc4 e6 6. Nf3 Be7 7. O-O Nf6 8. Qe2 O-O 9. Rd1 Nbd7 10. Bf4 e5 11. Bg5 Nb6 12. Bb3 Ng4 13. Bc1 Bd7 14. h3 Nf6 15. a4 a6 16. Be3 Nc8 17. a5 h6 18. Nd5 Rb8 19. Qc2 Nxd5 20. Bxd5 Bg5 21. Nxg5 hxg5 22. f3 Kh7 23. b4 f6 24. Rac1 Ne7 25. Bb6 Qe8 26. Bc7 Ba4 27. Bb3 Bxb3 28. Qxb3 Rc8 29. Bxd6 Rxc1 30. Rxc1 Qd7 31. Bxe7 Qxe7 32. b5 axb5 33. Qxb5 Rd8 34. Kh2 Rd2 35. Rc8 Ra2 36. Qd5 Rb2 37. Rd8 Rc2 38. Rd7 Qe8 39. Qxb7 Qg6 1-0

[Event "Graz Anton Afritsch mem"]
[Site "Graz"]
[Date "1991.??.??"]
[Round "12"]
[White "Lendwai, Reinhard"]
[Black "Vukic, Milan"]
[Result "1/2-1/2"]
[WhiteElo "2405"]
[BlackElo "2500"]
[PlyCount "91"]
[EventDate "1991.03.02"]
[Source "ChessBase"]

1. e4 c5 2. d4 cxd4 3. c3 dxc3 4. Nxc3 Nc6 5. Nf3 e6 6. Bc4 a6 7. O-O d6 8. Qe2 Nf6 9. Rd1 Qc7 10. Bf4 Nd7 11. Rac1 Qb8 12. Bg3 Nde5 13. Bb3 Be7 14. Nd4 Nxd4 15. Rxd4 Qa7 16. Rcd1 O-O 17. Kh1 b5 18. f4 Nc6 19. R4d3 Na5 20. Bf2 Qc7 21. Bc2 g6 22. b4 Nc4 23. Bb3 Bb7 24. Rh3 Rac8 25. Bd4 Rfe8 26. Rf1 e5 27. Bg1 exf4 28. Rxf4 Bg5 29. Rf1 Qe7 30. Bd4 Bxe4 31. Qf2 Bc6 32. Rf3 Rc7 33. Qg3 f5 34. Rxf5 gxf5 35. h4 h6 36. hxg5 Qxg5 37. Qxg5+ hxg5 38. Rxf5 Kh7 39. Rxg5 Kh6 40. Rg3 Rf7 41. Kh2 Ree7 42. Bc2 Re6 43. Rg8 Rf4 44. Bg7+ Kh5 45. Bd1+ Kg6 46. Bc2+ 1/2-1/2

[Event "Portoroz op"]
[Site "Portoroz"]
[Date "1995.??.??"]
[Round "?"]
[White "Zelic, Mladen"]
[Black "Cebalo, Miso"]
[Result "1-0"]
[WhiteElo "2330"]
[BlackElo "2570"]
[PlyCount "47"]
[EventDate "1995.04.??"]
[Source "ChessBase"]

1. e4 c5 2. d4 cxd4 3. c3 dxc3 4. Nxc3 Nc6 5. Nf3 e6 6. Bc4 a6 7. O-O Nge7 8. Bg5 h6 9. Be3 Ng6 10. Nd4 Be7 11. f4 O-O 12. Bb3 b5 13. Qh5 Nxd4 14. Bxd4 Qc7 15. Nd5 exd5 16. Bxd5 Qd6 17. Rad1 Rb8 18. f5 Bb7 19. f6 Nf4 20. Rxf4 Qxf4 21. fxe7 Bxd5 22. exf8=Q+ Rxf8 23. Qxd5 Re8 24. Rf1 1-0

[Event "New York USA"]
[Site "?"]
[Date "2004.12.07"]
[Round "2"]
[White "Lenderman Alex"]
[Black "Miton Kamil"]
[Result "1/2-1/2"]
[WhiteElo "2298"]
[BlackElo "2600"]
[PlyCount "139"]
[EventDate "2004.??.??"]
[Source "www.chesslib.no"]
[SourceDate "2004.05.04"]

1. e4 c5 2. d4 cxd4 3. c3 d3 4. c4 Nc6 5. Bxd3 Nf6 6. Nf3 d6 7. h3 g6 8. Nc3 Bg7 9. Be3 O-O 10. O-O Nd7 11. Qd2 Nc5 12. Rac1 b6 13. Bb1 Bb7 14. b3 Re8 15. Rfd1 Rc8 16. Nd5 Ne6 17. b4 Ne5 18. Qe2 Ba6 19. Nxe5 Bxe5 20. f4 Bg7 21. f5 Nc7 22. b5 Bb7 23. Bg5 Qd7 24. f6 Nxd5 25. fxg7 Nf6 26. e5 Nh5 27. Qd2 Nxg7 28. exd6 f6 29. dxe7 Qxe7 30. Re1 Qf8 31. Bh6 Qf7 32. Bxg7 Kxg7 33. Bd3 Red8 34. Qc3 Rc7 35. Be4 Bc8 36. Bc6 Re7 37. Rxe7 Qxe7 38. Re1 Qc5+ 39. Kh2 Qd6+ 40. Qg3 Qxg3+ 41. Kxg3 Kf8 42. Kh2 h5 43. a4 Bf5 44. a5 h4 45. axb6 axb6 46. Bd5 Bd7 47. Bc6 Bxc6 48. bxc6 Rc8 49. c7 Rxc7 50. Re6 Kg7 51. Rxb6 Rxc4 52. Ra6 Rf4 53. Rb6 Kh6 54. Rb5 f5 55. Rc5 Kg5 56. Rc6 Rd4 57. Ra6 Kh5 58. Rf6 Rf4 59. Ra6 Rf2 60. Kg1 Rc2 61. Kh2 g5 62. Ra5 Rf2 63. Kg1 Rf4 64. Kh2 Kg6 65. Ra6+ Kg7 66. Rb6 g4 67. hxg4 fxg4 68. g3 Rf2+ 69. Kg1 hxg3 70. Rb4 1/2-1/2

[Event "Groningen op"]
[Site "Groningen"]
[Date "1995.??.??"]
[Round "?"]
[White "Hedke, Fred"]
[Black "Kupreichik, Viktor D"]
[Result "1/2-1/2"]
[WhiteElo "2370"]
[BlackElo "2525"]
[PlyCount "128"]
[EventDate "1995.12.??"]
[Source "ChessBase"]

1. e4 c5 2. d4 cxd4 3. c3 dxc3 4. Nxc3 Nc6 5. Nf3 d6 6. Bc4 e6 7. O-O Nf6 8. Qe2 a6 9. Rd1 Qc7 10. Bf4 Ne5 11. Bxe5 dxe5 12. Rac1 Bd7 13. Bxe6 fxe6 14. Nd5 Nxd5 15. Rxc7 Nxc7 16. Nxe5 O-O-O 17. Qd2 Bd6 18. Nxd7 Rxd7 19. e5 Nd5 20. exd6 Rxd6 21. Qg5 Rd7 22. g3 Rf8 23. Qe5 Re8 24. h4 g6 25. a3 Kd8 26. Re1 Nc7 27. Qc5 Nd5 28. b4 Rc7 29. Qd6+ Rd7 30. Qb8+ Ke7 31. Rxe6+ Kxe6 32. Qxe8+ Re7 33. Qg8+ Kd6 34. Kg2 Nf6 35. Qc4 Rd7 36. g4 Ke7 37. f3 Kf8 38. Kg3 Rf7 39. Qd4 Kg8 40. Qe5 Kf8 41. Qe6 Kg7 42. h5 gxh5 43. g5 Ng8 44. Qe5+ Kg6 45. f4 Ne7 46. Qd6+ Kg7 47. Qd4+ Kg8 48. Qd8+ Kg7 49. Kh4 Ng6+ 50. Kxh5 Nxf4+ 51. Kg4 Ng6 52. Qd4+ Kg8 53. Kh5 Nf8 54. Kh6 Re7 55. Qd5+ Rf7 56. a4 Ng6 57. Qd8+ Nf8 58. g6 hxg6 59. Qd5 Nh7 60. Kxg6 Nf8+ 61. Kh6 Nh7 62. Qc4 Nf8 63. Qc8 Rh7+ 64. Kg5 Rf7 1/2-1/2

[Event "Portoroz op"]
[Site "Portoroz"]
[Date "1996.??.??"]
[Round "?"]
[White "Grbac, Boris"]
[Black "Novikov, Igor A"]
[Result "0-1"]
[WhiteElo "2305"]
[BlackElo "2590"]
[PlyCount "81"]
[EventDate "1996.03.??"]
[Source "ChessBase"]

1. e4 c5 2. d4 cxd4 3. c3 dxc3 4. Nxc3 Nc6 5. Nf3 e6 6. Bc4 a6 7. O-O Nge7 8. Bg5 f6 9. Bf4 Ng6 10. Bg3 Be7 11. a3 b5 12. Ba2 Qb6 13. Kh1 b4 14. axb4 Nxb4 15. Bc4 O-O 16. Na4 Qc6 17. Rc1 Qb7 18. Nd4 Kh8 19. Be2 Ne5 20. f4 Nec6 21. Nb3 Rb8 22. Nbc5 Qc7 23. f5 e5 24. Bc4 Qd8 25. Bf2 Na5 26. Be2 Qe8 27. Bh5 g6 28. fxg6 hxg6 29. Bg4 Qf7 30. Rc3 d5 31. Nd7 Bxd7 32. Bxd7 dxe4 33. Rh3+ Kg7 34. Bh4 Rh8 35. Qg4 Qc4 36. Kg1 e3 37. Qg3 e2 38. Re1 Qd4+ 39. Kh1 Qxd7 40. Rxe2 Nac6 41. Nc3 0-1

[Event "New York Manhattan"]
[Site "New York"]
[Date "1985.??.??"]
[Round "4"]
[White "Taylor, Timothy"]
[Black "Lau, Ralf"]
[Result "0-1"]
[WhiteElo "2480"]
[BlackElo "2410"]
[PlyCount "112"]
[EventDate "1985.09.??"]
[Source "ChessBase"]

1. e4 c5 2. d4 cxd4 3. c3 d3 4. Bxd3 d6 5. Nf3 Nd7 6. O-O Ngf6 7. b4 e6 8. Bb2 Be7 9. c4 O-O 10. Nc3 b6 11. Qb3 Bb7 12. Rad1 a6 13. Rd2 Qc7 14. a3 Rac8 15. h3 Rfe8 16. Re1 h6 17. Rde2 Nh7 18. Re3 Ng5 19. Nd2 Ne5 20. Bf1 Ng6 21. Ne2 Nh7 22. g3 Bf6 23. Nd4 Nhf8 24. Qd1 Nd7 25. Qh5 Nge5 26. Qd1 Nc6 27. N2b3 Nxd4 28. Bxd4 Be7 29. Qa1 Bf8 30. Rc1 Qb8 31. Kh2 Qa8 32. f3 a5 33. bxa5 bxa5 34. a4 Rb8 35. Bb2 Bc6 36. Nd4 Bxa4 37. Nb5 Nc5 38. Nc7 Qb7 39. Nb5 d5 40. Be5 dxc4 41. Bxb8 Bxb5 42. Rb1 Nb3 43. Rexb3 cxb3 44. Rxb3 Bb4 45. Be5 Bxf1 46. Qxf1 Rd8 47. Rd3 Rxd3 48. Qxd3 a4 49. Qd4 f6 50. Bd6 Bxd6 51. Qxd6 Qb3 52. h4 Kh7 53. Qf4 a3 54. h5 a2 55. Qg4 Qb5 56. Qg6+ Kg8 0-1

[Event "It (Open) INT"]
[Site "?"]
[Date "2006.05.06"]
[Round "?"]
[White "Hamitevici Vladimir"]
[Black "Shaposhnikov Evgeny"]
[Result "0-1"]
[WhiteElo "2351"]
[BlackElo "2538"]
[PlyCount "94"]
[EventDate "2006.??.??"]
[Source "www.chesslib.no"]
[SourceDate "2004.05.04"]

1. e4 c5 2. d4 cxd4 3. c3 dxc3 4. Nxc3 e6 5. Nf3 Nc6 6. Bc4 a6 7. O-O Qc7 8. Qe2 Nf6 9. Rd1 Ng4 10. g3 Bc5 11. Nd5 exd5 12. exd5+ Nce5 13. Nxe5 Nxe5 14. Bf4 d6 15. Bxe5 dxe5 16. d6 Bxd6 17. Rac1 Qe7 18. Qd3 Bg4 19. f3 Bc5+ 20. Kg2 e4 21. Bxf7+ Kxf7 22. Qd5+ Be6 23. Qxc5 exf3+ 24. Kxf3 Qxc5 25. Rxc5 Rac8 26. b4 Rxc5 27. bxc5 Rc8 28. Rb1 Rc7 29. Ke3 Bxa2 30. Rb2 Bd5 31. Rf2+ Ke6 32. Kd4 Bc6 33. Re2+ Kf5 34. Rf2+ Kg4 35. Rf4+ Kh3 36. Rh4+ Kg2 37. Rxh7 Rd7+ 38. Kc4 a5 39. g4 a4 40. Kb4 Rd4+ 41. Ka3 Rxg4 42. h4 Rg3+ 43. Ka2 Bd5+ 44. Ka1 a3 45. Rh5 Rd3 46. Rg5+ Kh2 47. Rxg7 Rd1# 0-1